<?xml version="1.0" encoding="UTF-8"?>
<record
    xmlns:xsi="http://www.w3.org/2001/XMLSchema-instance"
    xsi:schemaLocation="http://www.loc.gov/MARC21/slim http://www.loc.gov/standards/marcxml/schema/MARC21slim.xsd"
    xmlns="http://www.loc.gov/MARC21/slim">

  <leader>00485nam a2200181Ia 4500</leader>
  <controlfield tag="008">230718s9999    xx            000 0 und d</controlfield>
  <datafield tag="020" ind1=" " ind2=" ">
    <subfield code="a">9789332545496</subfield>
  </datafield>
  <datafield tag="041" ind1=" " ind2=" ">
    <subfield code="a">eng</subfield>
  </datafield>
  <datafield tag="082" ind1=" " ind2=" ">
    <subfield code="a">621.3815'3</subfield>
    <subfield code="b">FLO</subfield>
  </datafield>
  <datafield tag="100" ind1=" " ind2=" ">
    <subfield code="a">Floyd T.L.</subfield>
  </datafield>
  <datafield tag="245" ind1=" " ind2=" ">
    <subfield code="a">Electronic Devices</subfield>
    <subfield code="b">Conventional Current Version</subfield>
  </datafield>
  <datafield tag="250" ind1=" " ind2=" ">
    <subfield code="a">9th ed.</subfield>
  </datafield>
  <datafield tag="260" ind1=" " ind2=" ">
    <subfield code="c">2017</subfield>
    <subfield code="b">Pearson</subfield>
  </datafield>
  <datafield tag="300" ind1=" " ind2=" ">
    <subfield code="a">958</subfield>
  </datafield>
  <datafield tag="365" ind1=" " ind2=" ">
    <subfield code="c">Rs.</subfield>
    <subfield code="b">819.00</subfield>
  </datafield>
  <datafield tag="700" ind1=" " ind2=" ">
    <subfield code="a">Floyd T.L.</subfield>
  </datafield>
  <datafield tag="906" ind1=" " ind2=" ">
    <subfield code="d">O:0581430-Dec-2017B:SE/SI/461113-Dec-2017</subfield>
    <subfield code="c">BSH</subfield>
    <subfield code="b">8943.48</subfield>
  </datafield>
  <datafield tag="999" ind1=" " ind2=" ">
    <subfield code="c">346505</subfield>
    <subfield code="d">346505</subfield>
  </datafield>
  <datafield tag="952" ind1=" " ind2=" ">
    <subfield code="0">0</subfield>
    <subfield code="1">0</subfield>
    <subfield code="4">0</subfield>
    <subfield code="7">0</subfield>
    <subfield code="a">CCEP</subfield>
    <subfield code="b">CCEP</subfield>
    <subfield code="d">2017-12-30</subfield>
    <subfield code="e">Suyog Enterprises</subfield>
    <subfield code="f">BSH</subfield>
    <subfield code="g">589.68</subfield>
    <subfield code="i">SE/SI/4611</subfield>
    <subfield code="l">6</subfield>
    <subfield code="o">621.3815'3</subfield>
    <subfield code="p">CCEP-BK-57712</subfield>
    <subfield code="r">2025-10-30 10:02:04</subfield>
    <subfield code="s">2025-10-13</subfield>
    <subfield code="t">8943.48</subfield>
    <subfield code="v">819.00</subfield>
    <subfield code="w">2017-12-13</subfield>
    <subfield code="y">BK</subfield>
    <subfield code="z">057712</subfield>
  </datafield>
</record>
